Bug out! : (Record no. 4272)

MARC details
000 -LEADER
fixed length control field 01162cam a22003617a 4500
001 - CONTROL NUMBER
control field 4272
003 - CONTROL NUMBER IDENTIFIER
control field FISKH
005 - DATE AND TIME OF LATEST TRANSACTION
control field 20240711101707.0
008 - FIXED-LENGTH DATA ELEMENTS--GENERAL INFORMATION
fixed length control field 081209s2007 nyua b 000 0 eng d
010 ## - LIBRARY OF CONGRESS CONTROL NUMBER
LC control number 2008301189
020 ## - INTERNATIONAL STANDARD BOOK NUMBER
International Standard Book Number 0448445433 (pbk)
020 ## - INTERNATIONAL STANDARD BOOK NUMBER
International Standard Book Number 9780448445434 (pbk)
020 ## - INTERNATIONAL STANDARD BOOK NUMBER
International Standard Book Number 1428740252 (BWI bdg.)
020 ## - INTERNATIONAL STANDARD BOOK NUMBER
International Standard Book Number 9781428740259 (BWI bdg.)
040 ## - CATALOGING SOURCE
Original cataloging agency BKX
Transcribing agency BKX
Modifying agency BAKER
Language of cataloging eng
050 ## - LIBRARY OF CONGRESS CALL NUMBER
Classification number QL467.C63
082 ## - DEWEY DECIMAL CLASSIFICATION NUMBER
Classification number 595.7
100 1# - MAIN ENTRY--PERSONAL NAME
Personal name Clarke, Ginjer L.
245 10 - TITLE STATEMENT
Title Bug out! :
Remainder of title the world's creepiest, crawliest critters /
Statement of responsibility, etc. by Ginjer L. Clarke ; illustrated by Pete Mueller.
260 ## - PUBLICATION, DISTRIBUTION, ETC.
Place of publication, distribution, etc. New York :
Name of publisher, distributor, etc. Penguin Young Reader,
Date of publication, distribution, etc. 2007.
300 ## - PHYSICAL DESCRIPTION
Extent 48 pages :
Other physical details color illustrations ;
Dimensions 23 cm
505 ## - FORMATTED CONTENTS NOTE
Formatted contents note R<br/>
520 ## - SUMMARY, ETC.
Summary, etc. Text and pictures present many strange facts about bugs.
521 ## - TARGET AUDIENCE NOTE
Target audience note 690<br/>
Source Lexile AD <br/>
521 ## - TARGET AUDIENCE NOTE
Target audience note R<br/>
Source Raz-Plus<br/>
650 #0 - SUBJECT ADDED ENTRY--TOPICAL TERM
Topical term or geographic name entry element Insects
Form subdivision Miscellanea
-- Juvenile literature.
650 #1 - SUBJECT ADDED ENTRY--TOPICAL TERM
Topical term or geographic name entry element Insects
Form subdivision Miscellanea.
655 #7 - INDEX TERM--GENRE/FORM
Genre/form data or focus term Readers (Elementary)
Source of term lcsh
700 1# - ADDED ENTRY--PERSONAL NAME
Personal name Mueller, Pete,
Relator term illustrator
906 ## - LOCAL DATA ELEMENT F, LDF (RLIN)
a 7
b cbc
c copycat
d 2
e ncip
f 20
g y-gencatlg
942 ## - ADDED ENTRY ELEMENTS (KOHA)
Source of classification or shelving scheme Dewey Decimal Classification
Koha item type Books
Suppress in OPAC No
Holdings
Withdrawn status Lost status Source of classification or shelving scheme Damaged status Not for loan Collection Home library Current library Shelving location Date acquired Total Checkouts Full call number Barcode Date last seen Date last checked out Price effective from Koha item type
    Dewey Decimal Classification     Non-Fiction Footprints International School Library Network Toul Kork Campus Footprints International School Library Network Toul Kork Campus TK Primary Library Room(4th Floor), Bookcase 5&6, Shelves 33-56, Orange Books 07/11/2024 1 CLA 595.7 QL467.C63 FISTK01339 09/26/2024 09/16/2024 07/11/2024 Books